MARC

LEADER 00000nam0a2200000 4500
001 28335
005 20231030202802.0
010 |a 5230195088 
035 |a (RuTPU)RU\TPU\book\28591 
035 |a BOOK00028666 
090 |a 28335 
100 |a 20011209d1992 k y0rusy50 ca 
101 0 |a rus 
102 |a RU 
105 |a abc 000zy 
200 1 |a Исследования континентальной земной коры комплексом сейсмических методов  |f Санкт-Петербургский государственный горный институт им. Г. В. Плеханова (технический университет) (СПбГГИ (ТУ)) ; отв. ред. А. Г. Гончаров 
210 |a СПб.  |c Изд-во СПбГИ  |d 1992 
215 |a 132 с.  |c ил., портр., карт 
225 1 |a Записки Санкт-Петербургского горного института им. Г. В. Плеханова  |v Т. 135 
320 |a Библиогр. в конце ст. 
610 1 |a геология 
610 1 |a земная кора 
610 1 |a сейсмическая разведка 
610 1 |a исследования 
610 1 |a геофизика 
610 1 |a глубинное сейсмическое зондирование 
610 1 |a Балтийский изгиб 
610 1 |a сверхглубокие скважины 
675 |a 551.1:550.34  |v 3 
702 1 |a Гончаров  |b А. Г.  |4 340 
712 0 2 |a Санкт-Петербургский государственный горный институт им. Г. В. Плеханова (технический университет) (СПбГГИ (ТУ))  |c (1991- )  |2 stltpush  |3 (RuTPU)RU\TPU\col\54 
801 0 |a RU  |b 63413507  |c 20011209  |g PSBO 
801 2 |a RU  |b 63413507  |c 20121023  |g RCR 
942 |c BK